Statistics for Ultimate Pub Quiz

Click here to take the quiz!

General Stats

  • This quiz has been taken 127 times
  • The average score is 13 of 20

Answer Stats

HintAnswer% Correct
Which year did World War II start?1939
98%
Queen Elizabeth II was a trained pilotfalse
96%
Round 4 - True or False

An octopus has two hearts
false
96%
Nutmeg can make you hallucinatetrue
96%
The chainsaw was invented to aid childbirthtrue
96%
The Nile is the longest river in the worldtrue
96%
What is the chemical symbol for gold?au
93%
Hermione GrangerHarry Potter
90%
What mountain is the highest in the UK?Ben Nevis
88%
Complete that names of the Spice Girls: Posh, Ginger, Baby, Scary and _____?Sporty
82%
It's a God-awful small affair, to the girl with the mousy ____hair
80%
There's vomit on his sweater already, mom's ________spaghetti
73%
Round 2 - complete the song lyric

You were working as a waitress in a ________ bar
cocktail
71%
Round 3 - name the movie by character name

Regina George
Mean Girls
56%
Tony MontanaScarface
33%
Now here you go again, you say you want your ______freedom
29%
Round 1 - General Knowledge

Who was the Egyptian god of the underworld?
Osiris
25%
_____ take me somewhere we can be aloneRomeo
21%
Benjamin BraddockThe Graduate
9%
Andy DavisToy Story
9%

Score Distribution

Percentile by Number Answered

Percent of People with Each Score

Your Score History

You have not taken this quiz